| 000 | 00452nam a2200181 a 4500 | ||
|---|---|---|---|
| 001 | 4902 | ||
| 003 | CO-ViMGA | ||
| 008 | 141112s2004 ck r 000 u spa d | ||
| 040 |
_aCO-ViMGA _bspa _cCO-ViMGA |
||
| 082 | 0 | 4 | _a808.8037 L393v |
| 245 | 1 | 0 | _aLeyendas del País Vasco y Navarra |
| 250 | _a4a | ||
| 260 |
_aBarcelona : _bLabor, _c1988 |
||
| 300 | _a126 p : il | ||
| 490 | _aJuvenil, 43 | ||
| 650 | 1 | 4 |
_aLEYENDAS ESPAÑOLAS _93073 |
| 942 |
_2ddc _cBK |
||
| 999 |
_c16908 _d16908 |
||